000 00617cam a2200229 4500
001 M1920
008 090401t xxu||||| |||| 00| 0 eng d
035 _a(Sirsi) u35279
041 _aeng
050 _a333.33
090 _aRICS 1990/108A
110 _aRoyal Institution of Chartered Surveyors
_94900
245 _aProperty matters for business.
260 _aLondon
_bRICS
_c1990?
300 _a8p. ; 21cm.
350 _a0
520 _aSUPERSEDED: Replaced by 2nd edition (RICS 1995/20).
650 _aABOUT RICS-RICS MEMBERS
690 _aPROPERTY-COMMERCIAL PROPERTY
942 _n0
948 _c04/03/1997
999 _c90084
_d90084